000 00439nam a2200157Ia 4500
003 Ost
005 20260225132540.0
008 260225s9999||||xx |||||||||||||| ||und||
040 _cfsic
041 _afre
082 _a330.9
100 _aChristine aubrée /Murielle wolski-quéré
_eAuteur
245 0 _aLes métiers de la communication et de la publiçité /
245 0 _cChristine aubrée /Murielle wolski-quéré
942 _cكتاب
999 _c33468
_d33468